Recuerdos de provincia

Salvato in:
Dettagli Bibliografici
Autore principale: Sarmiento, Domingo F.
Natura: Libro
Lingua:Undetermined
Pubblicazione: Buenos Aires, Argentina Sopena 1953
Edizione:6
Soggetti:
Tags: Aggiungi Tag
Nessun Tag, puoi essere il primo ad aggiungerne!!

MARC

LEADER 00000nam a2200000Ia 4500
008 170316s9999 xx 000 0 und d
040 |a cru BVZT 
090 |a 860 S-17r 
100 |a Sarmiento, Domingo F. 
245 |a Recuerdos de provincia 
250 |a 6 
260 |a Buenos Aires, Argentina 
260 |b Sopena 
260 |c 1953 
300 |a 156 páginas 
650 |a LITERATURA LATINOAMERICANA 
999 |c 9200  |d 9200 
942 |c 15 D  |h 860 S-17r  |2 z